000 00872nam a2200217 a 4500
003 0
005 20250325140253.0
008 060801s19uu xx 00 eng d
050 _aPGS HV 4708.A94
_b.B734 2006
100 _aBorja, Michelle Joyce B.
245 _aThe level of awareness among lower school students on animal cruelty /
_cMichelle Joyce B. Borja.
260 _aLas PiƱas City, Philippines :
_bSouthville International School and Colleges,
_c2006.
300 _a32 pages :
_billustrations ;
_c28 cm.
504 _aIncludes bibliographical references.
650 _aAnimal welfare
_vStudy and teaching
_vElementary education.
650 _aCruelty to animals
_vPublic opinion.
650 _aAnimal rights
_vStudy and teaching.
650 _aChildren and animals
_vPsychological aspects.
650 _aEthics of animal treatment.
942 _2lcc
_cPASS
999 _c97461
_d97461